00366pab a2200133 454500008004000000100002300040245006700063260000900130300001700139362000800156650001800164650001800182773003200200180718b2010 xxu||||| |||| 00| 0 eng d aUkpere, Wilfred I. aThe negative impacts of globalisation logics on labour markets c2010 ap.1229-1250. aApr aGlobalization aLabour market aIndian Journal of Economics